| 000 | 01289cam a2200325 i 4500 | ||
|---|---|---|---|
| 001 | 1140171700 | ||
| 003 | OSt | ||
| 005 | 20240718102341.0 | ||
| 008 | 200113t20212021moua b 001 0 eng | ||
| 020 | _a9780323749589 (paperback) | ||
| 040 |
_aNUST _beng _erda _cNUST _dNUST |
||
| 050 | 4 | _aRS57 KEE | |
| 100 | 1 |
_aKee, Joyce LeFever, _eAuthor. |
|
| 245 |
_aClinical calculations : _bwith applications to general and specialty areas / _cJoyce LeFever Kee, Sally M. Marshall, Kathryn Woods, Mary Catherine Forrester |
||
| 250 | _aNinth edition | ||
| 260 |
_aSt Louis : _bElsevier, _c2021. |
||
| 300 |
_axv, 416 pages : _billustrations (some colour) ; _c26 cm. |
||
| 336 |
_atext _btxt _2rdacontent |
||
| 337 |
_aunmediated _bn _2rdamedia |
||
| 338 |
_avolume _bnc _2rdacarrier |
||
| 504 | _aIncludes bibliographical references and index. | ||
| 650 | 0 |
_aPharmaceutical arithmetic. _0http://id.loc.gov/authorities/subjects/sh85100583 |
|
| 650 | 0 |
_aNursing _xMathematics. |
|
| 650 | 1 | 2 | _aDrug Dosage Calculations. |
| 650 | 2 |
_aMathematics. _0(DNLM)D008433. _0https://id.nlm.nih.gov/mesh/D008433 |
|
| 700 | 1 |
_aMarshall, Sally M., _eAuthor. |
|
| 700 | 1 |
_aWoods, Katy, _eAuthor. |
|
| 700 | 1 |
_aForrester, Mary Catherine, _eAuthor. |
|
| 942 |
_2lcc _cBOOKS _eNinth edition. _hRS57 _kR _mKEE _n0 |
||
| 999 |
_c170651 _d170651 |
||